Statistics for Click the Actor for each Movie

Click here to take the quiz!

General Stats

  • This quiz has been taken 152 times
  • The average score is 13 of 20

Answer Stats

HintAnswer% Correct
Forrest Gump (1994)Tom Hanks
94%
Titanic (1997)Kate Winslet
93%
La La Land (2016)Emma Stone
92%
Grease (1978)Olivia Newton-John
88%
Ocean’s Eleven (2001)Brad Pitt
78%
Pulp Fiction (1994)Uma Thurman
78%
Schindler's List (1993)Liam Neeson
77%
The Social Network (2010)Andrew Garfield
72%
Psycho (1960)Anthony Perkins
63%
Casablanca (1942)Ingrid Bergman
63%
The Shawshank Redemption (1994)Tim Robbins
63%
A Streetcar Named Desire (1951)Marlon Brando
58%
Life of Brian (1979)Graham Chapman
57%
Platoon (1986)Charlie Sheen
56%
The Sound of Music (1965)Christopher Plummer
55%
Jaws (1975)Robert Shaw
52%
Midnight Cowboy (1969)Jon Voight
47%
The Deer Hunter (1978)Robert De Niro
47%
Blade Runner (1982)Rutger Hauer
42%
The Manchurian Candidate (1962)Frank Sinatra
30%

Score Distribution

Percentile by Number Answered

Percent of People with Each Score

Your Score History

You have not taken this quiz